Software engineering a practical approach
Saved in:
| Hovedforfatter: | |
|---|---|
| Format: | Bog |
| Sprog: | engelsk |
| Udgivet: |
McGraw - Hill Education
2020
|
| Tags: |
Tilføj Tag
Ingen Tags, Vær først til at tagge denne postø!
|
MARC
| LEADER | 00000nam a22000007a 4500 | ||
|---|---|---|---|
| 008 | 210722b ||||| |||| 00| 0 eng d | ||
| 020 | |a 9781260548006 | ||
| 100 | |a PRESSMAN Roger S. | ||
| 245 | |a Software engineering |b a practical approach |c Rogers Pressman and Bruce R. Maxim |g XXX, 671P. : ill. | ||
| 250 | |b 9th ed. | ||
| 260 | |b McGraw - Hill Education |c 2020 |h New York |i 696485 |i 696486 |l QA 76 .758P92 |m Softengineering | ||
| 500 | |a It includes index | ||
| 942 | |a lcc |c BK |e ADEYEYE Y. S. |f 21 - 07-2021 | ||
| 952 | |0 0 |1 0 |2 lcc |4 0 |6 QA0076758 P92 |7 0 |9 2808 |a HOL |b HOL |c QZ |d 2021-07-22 |l 0 |o QA 76.758P92 |p 2021-66471 |r 2021-07-22 00:00:00 |w 2021-07-22 |y BK | ||
| 952 | |0 0 |1 0 |2 lcc |4 0 |6 QA0076758 P92 |7 0 |9 2809 |a HOL |b HOL |c QZ |d 2021-07-22 |l 0 |o QA 76.758P92 |p 2021-66472 |r 2021-07-22 00:00:00 |w 2021-07-22 |y BK | ||
| 999 | |c 1459 |d 1459 | ||